Bài giảng kỹ thuật nuôi thức ăn tự nhiên

Bài giảng giới thiệu vai trò của thức ăn tự nhiên trong nuôi trồng thủy sản, sinh học và kỹ thuật nuôi vi tảo, sinh học và kỹ thuật nuôi luân trùng, sinh học và kỹ thuật nuôi Artemia, Moina và Daphnia, sinh học và kỹ thuật nuôi trùng chỉ, giun nhiều...

Ausführliche Beschreibung

Gespeichert in:
Bibliographische Detailangaben
1. Verfasser: Trần, Ngọc Hải
Format: Buch
Sprache:Undetermined
Veröffentlicht: Cần Thơ Trường Đại học Cần Thơ 2000
Schlagworte:
Tags: Tag hinzufügen
Keine Tags, Fügen Sie den ersten Tag hinzu!
Thư viện lưu trữ: Trung tâm Học liệu Trường Đại học Cần Thơ
LEADER 00990nam a2200205Ia 4500
001 CTU_38476
008 210402s9999 xx 000 0 und d
082 |a 639.3 
082 |b H103 
100 |a Trần, Ngọc Hải 
245 0 |a Bài giảng kỹ thuật nuôi thức ăn tự nhiên 
245 0 |c Trần Ngọc Hải, Trần Thị Thanh Hiền 
260 |a Cần Thơ 
260 |b Trường Đại học Cần Thơ 
260 |c 2000 
520 |a Bài giảng giới thiệu vai trò của thức ăn tự nhiên trong nuôi trồng thủy sản, sinh học và kỹ thuật nuôi vi tảo, sinh học và kỹ thuật nuôi luân trùng, sinh học và kỹ thuật nuôi Artemia, Moina và Daphnia, sinh học và kỹ thuật nuôi trùng chỉ, giun nhiều tơ, giun đất. 
650 |a Aquaculture,Fish 
650 |x Culture 
904 |i Minh 
980 |a Trung tâm Học liệu Trường Đại học Cần Thơ